| 000 | 00817nam a2200253Ia 4500 | ||
|---|---|---|---|
| 003 | OSt | ||
| 005 | 20220927105512.0 | ||
| 006 | a|||||r|||| 00| 0 | ||
| 007 | ta | ||
| 008 | 220926b |||||||| |||| 00| 0 eng d | ||
| 024 | _a173112 | ||
| 037 | _cReference Collections | ||
| 040 |
_aRTL _cRTL _beng |
||
| 041 |
_2eng _aeng |
||
| 082 | _a"X71oa D2.235.N90<-N89, N0" | ||
| 110 |
_a"MAHARASHTRA, (GOVT. OF-)." _9372941 |
||
| 245 | 0 |
_aCivil budget estimates _b Irrigation deptt. |
|
| 260 |
_aMumbai _bGovt. of Maharashtra. India _c1989 |
||
| 300 |
_aI-460p. _ccm. |
||
| 500 | _aPart II-Detailed budget estimates of expenditure. | ||
| 700 |
_a"MAHARASHTRA, (GOVT. OF-)." _9372942 |
||
| 942 |
_h"X71oa D2.235.N90<-N89, N0" _cCC |
||
| 999 |
_c692838 _d692838 |
||